| 000 | 00469nam a2200169 a 4500 | ||
|---|---|---|---|
| 001 | 1971 | ||
| 005 | 20180713182005.0 | ||
| 008 | 140415s1989 000 0 spa d | ||
| 041 | _aspa | ||
| 082 |
_a657.45 _bWIT |
||
| 100 | 1 | _aWITT, BRINK | |
| 245 | 1 | 0 |
_aAUDITORIA INTERNA MODERNA : _bEVALUACION DE OPERACIONES Y CONTROLES |
| 260 |
_a[s.l.] : _bINDETERMINADO, _c1989 |
||
| 300 | _a801 | ||
| 650 | 1 | 4 | _aAUDITORIA |
| 700 | 1 |
_aSANTILLAN, JUAN RAMON _etr. |
|
| 999 |
_c1971 _d1971 |
||